An IGBT current boosting method by using ultrahigh driving-voltage in HVdc circuit breaker applications / (Record no. 19574)
[ view plain ]
| 000 -LEADER | |
|---|---|
| fixed length control field | 00992nam a22002297a 4500 |
| 003 - CONTROL NUMBER IDENTIFIER | |
| control field | OSt |
| 005 - DATE AND TIME OF LATEST TRANSACTION | |
| control field | 20250827113052.0 |
| 008 - FIXED-LENGTH DATA ELEMENTS--GENERAL INFORMATION | |
| fixed length control field | 240308b ||||| |||| 00| 0 eng d |
| 040 ## - CATALOGING SOURCE | |
| Transcribing agency | 0 |
| 082 ## - DEWEY DECIMAL CLASSIFICATION NUMBER | |
| Classification number | DPer 621.317 Ie21 July 2022 v.37 n. 7 |
| 100 ## - MAIN ENTRY--PERSONAL NAME | |
| Personal name | Wang, Jingfei. |
| Relator term | author. |
| 9 (RLIN) | 54232 |
| 245 ## - TITLE STATEMENT | |
| Title | An IGBT current boosting method by using ultrahigh driving-voltage in HVdc circuit breaker applications / |
| Statement of responsibility, etc. | Jingfei Wang, Guishu Liang, Xiangyu Zhang, Lei Qi, and Lvyang Chen |
| 260 ## - PUBLICATION, DISTRIBUTION, ETC. (IMPRINT) | |
| Place of publication, distribution, etc. | New York ; |
| Name of publisher, distributor, etc. | The Institute of Electrical and Electronics Engineers, Inc. , |
| Date of publication, distribution, etc. | July 2022. |
| 300 ## - PHYSICAL DESCRIPTION | |
| Extent | volume 37, pages 8146-8156 : |
| Other physical details | illustration ; |
| Dimensions | 28 cm. |
| 500 ## - GENERAL NOTE | |
| General note | <br/>IEEE Transactions on Power Electronics, vol. 37, no. 7, pages 8146-8156, July 2022.<br/> |
| 700 ## - ADDED ENTRY--PERSONAL NAME | |
| Personal name | Wang, Jingfei. |
| Relator term | author. |
| 9 (RLIN) | 54232 |
| 700 ## - ADDED ENTRY--PERSONAL NAME | |
| Personal name | Liang, Guishu. |
| Relator term | author. |
| 9 (RLIN) | 54233 |
| 700 ## - ADDED ENTRY--PERSONAL NAME | |
| Personal name | Zhang, Xiangyu. |
| Relator term | author. |
| 9 (RLIN) | 54234 |
| 700 ## - ADDED ENTRY--PERSONAL NAME | |
| Personal name | Qi, Lei. |
| Relator term | author. |
| 9 (RLIN) | 54235 |
| 700 ## - ADDED ENTRY--PERSONAL NAME | |
| Personal name | Chen, Lvyang. |
| Relator term | author. |
| 9 (RLIN) | 54236 |
| 942 ## - ADDED ENTRY ELEMENTS (KOHA) | |
| Source of classification or shelving scheme | Dewey Decimal Classification |
| Koha item type | Periodicals |
| Withdrawn status | Lost status | Source of classification or shelving scheme | Damaged status | Not for loan | Collection code | Home library | Current library | Date acquired | Total Checkouts | Full call number | Date last seen | Price effective from | Koha item type | Public note |
|---|---|---|---|---|---|---|---|---|---|---|---|---|---|---|
| Dewey Decimal Classification | Periodicals | UM Digos College - LIC | UM Digos College - LIC | 03/08/2024 | DPer 621.317 Ie21 July 2022 v.37 n. 7 | 03/08/2024 | 03/08/2024 | Periodicals | Periodical Article |
